000 00728nam a2200265Ia 4500
003 OSt
005 20220924132302.0
006 a|||||r|||| 00| 0
007 ta
008 220923b |||||||| |||| 00| 0 san d
024 _a40637
037 _cTextual
040 _aARTS
_cARTS
_bsan
041 _2san
_asan
082 _aO15,1FKA,1, K5
100 _aKaviraj
_9201859
245 0 _aRaghava pandaveeyam and by
260 _c1965
650 _aSANSKRIT LITERATURE
700 _a Jha Damodar Ed.
_9201993
700 _a Sarala Ed.
_9204098
700 _a Subodhini Ed.
_9204099
942 _hO15,1FKA,1, K5
_cTEXL
_2CC
999 _c429910
_d429910